000 00298nam a22001337a 4500
008 171027b xxu||||| |||| 00| 0 eng d
020 _a0262521415
041 _aeng
080 _a336
100 _a56
101 _aFIN
245 _aNUMERICAL TECHNIQUES IN FINANCE
_cBENNINGA,S
942 _2udc
_cBK
999 _c36118
_d36118